00497nam a2200157 a 450000100100000000500170001000800410002704000250006810000200009324500700011326000410018330000210022449000320024570000300027783000320030700003526720200930074222.0111027s2004 ag 000 0 spa d aDO-SdBNPbspacBNPHU1 aBasch, Víctor10aSchumann /cVíctor Basch ; traducción de Francisco Courolles. aBuenos Aires :bTor-S.R.L.,c[19uu]? a188 p. ;c18 cm.1 aLos maestros de la música12aCourolles, Franciscoetr. 0aLos maestros de la música